| 000 | 00547nam a2200193 i 4500 | ||
|---|---|---|---|
| 001 | 133728 | ||
| 003 | ES-MaACL | ||
| 005 | 20250502063014.0 | ||
| 007 | t| | ||
| 008 | 070827s1929 fr ||||1| fre d | ||
| 100 | 1 |
_aWoolf, Virginia, _d1882-1941 _9240179 |
|
| 245 | 1 | 0 |
_aMrs. Dalloway / _cVirginia Woolf ; preface de André Maurois. |
| 250 | _a10 ed. | ||
| 260 |
_aParis : _b[s.n.], _c1929. |
||
| 300 |
_a240 p. ; _c19 cm. |
||
| 700 | 1 |
_aMaurouis, André. _979270 |
|
| 852 |
_aES-MaACL _jB-8884 _bR.13209 |
||
| 999 |
_c133728 _d133728 |
||